000 00894nac a22002291u 4500
010 _a 2005018586
020 _a0321113616 (alk. paper)
082 0 0 _a330.015195
_bMUR
090 _c8377
_d8377
100 _aMurray, Michael P.,
245 1 0 _aEconometrics :
_ba modern introduction /
_cMichael Murray.
260 _aBoston :
_bPearson Addison Wesley,
_cc2006.
300 _axxxvi, 929 p. ;
_bill. ;
_c24 cm.
440 4 _aThe Addison-Wesley series in economics.
500 _aDistributer:Al-Ahram.
504 _aIncludes bibliographical references and index.
511 _aCatalogued By: Mahitab.
650 0 _aEconometrics.
856 4 1 _3Table of contents
_uhttp://www.loc.gov/catdir/toc/ecip0515/2005018586.html
942 _cBB
_k330.015195MUR
999 _c8377
_d8377